| 000 | 01581nam0a2200337 4500 | ||
|---|---|---|---|
| 001 | RU\NLR\bibl\745517 | ||
| 005 | 20250614004523.0 | ||
| 010 |
_a5-352-01085-6 _bв обл. _95000 |
||
| 021 |
_aRU _b2004-73563 _93624 |
||
| 035 | _aRSL-KNO-002504096 | ||
| 035 | _a(NLR Aleph) 000735356 | ||
| 090 |
_a788595 _c788595 |
||
| 100 | _a20041126d2004 |||y0rusy50 ca | ||
| 101 | 1 |
_arus _ceng |
|
| 102 | _aRU | ||
| 105 | _ay ||||||||| | ||
| 106 | _ar | ||
| 200 | 1 |
_aПравила игры _e[роман] _fЭ. Мун _g[пер. с англ. Наталии Фроловой] |
|
| 210 |
_aСанкт-Петербург _cАзбука-классика _d2004 _gГПП Печ. Двор |
||
| 215 |
_a507, [2] с. _d20 |
||
| 225 | 1 | _aScience fiction | |
| 610 | 0 | _aФилологические науки. Художественная литература -- США -- Американская литература -- с 1945 г. -- Произведения художественной литературы -- Художественная проза -- Романы. Повести. Рассказы -- Фантастические и мистические романы, повести, рассказы. Романы ужасов | |
| 686 |
_aШ5(7США)62-644.5 _2rubbk |
||
| 686 | _aШ6(7США)67-445{Лх1979-62} | ||
| 700 | 1 |
_4070 _7ca _8rus _aМун _bЭ. _f1945- _gЭлизабет _9267816 _3RU\NLR\AUTH\770267872 |
|
| 801 | 0 |
_aRU _bRuMoRKP _c20041126 _grcr |
|
| 801 | 1 |
_aRU _bRuMoRGB _c20041126 |
|
| 801 | 2 |
_aRU _bNLR _c20050407 _gPSBO |
|
| 942 | _cBOOK | ||
| 980 | _aNB | ||